| 000 | 00453nam a2200157Ia 4500 | ||
|---|---|---|---|
| 005 | 20260417150915.0 | ||
| 008 | 260417s9999||||xx |||||||||||||| ||und|| | ||
| 020 | _a9781783084111 | ||
| 041 | _aeng | ||
| 100 | _aGanguly | ||
| 245 | 0 | _aFilms of adoor gopalakrishnan | |
| 260 |
_bCambridge, Cambridge, _c2015 |
||
| 650 | _aMedia & Communication | ||
| 856 | _uhttps://www.cambridge.org/core/product/identifier/9781783084111/type/BOOK | ||
| 942 | _cE-BOOK | ||
| 999 |
_c50648 _d50648 |
||